Položenie Duchoborov` na Kavkazje v` 1896 godu I Neobchodimyia Sredstva Oblegčenija Ich` Učasti

Bibliographic Details
Corporate Author: Broomfield (Croydon, Anglicko) (Printer)
Other Authors: Čertkov, Vladimir Grigorievič, 1854-1936 (Editor)
Format: Book
Language:Russian
PhysicalDescription:22, [1] s. 21 cm
Published: London Vladimir Tchertkoff 1897
Series:Izdanie Vladimira Čertkova
Subjects:

MARC

LEADER 00000cam a2200000 a 4500
001 vtls011535024
003 SK-MaSNL
005 20260331210832.0
008 251112s1897 enk 0 1n0 rus
015 |a SNBHFA1897 
020 |q (brož.) 
035 |a 329306F2-4603-4D6B-A2D6-8F4CD780478B 
035 |a urn:nbn:sk:snk-amyfsg 
035 |a urn:nbn:sk:snk-am00cm6q 
040 |a SNK  |b slo  |c SNK  |e AACR2 
041 0 |a rus 
044 |a en  |c GB 
072 7 |a 27  |x Kresťanstvo. Kresťanská cirkev všeobecne. Ekleziológia  |2 konspekt 
080 |a 2-674.5  |2 2011 
080 |a 279.98  |2 2011 
080 |a 314.15-026.49  |2 2001 
100 1 |a Čertkov, Vladimir Grigorievič,  |d 1854-1936  |4 edt  |4 pbl  |9 56184 
245 1 0 |a Položenie Duchoborov` na Kavkazje v` 1896 godu  |b I Neobchodimyia Sredstva Oblegčenija Ich` Učasti  |c II. 'irjukova i V. Čertkova 
246 3 0 |a La Situation Des Douhobortsi 
260 |a London  |b Vladimir Tchertkoff  |c 1897  |e Dupass Hill, Croydon, England  |f "Broomfield" 
300 |a 22, [1] s.  |c 21 cm 
490 1 |a Izdanie Vladimira Čertkova  |v No 4 
500 |a Obálkový titulný list 
504 |a Poznámky pod textom 
504 |a Register 
546 |a Ruština  |b Azbuka 
561 |a Z knižnica Dušana Makovického.  |5 SNK IC 142466 
650 0 7 |a náboženská perzekúcia  |2 SNKPH  |9 68303 
650 0 7 |a perzekúcie  |2 SNKPH  |9 3763 
650 0 7 |a duchoborci  |2 SNKPH  |9 422396 
651 7 |a Kaukaz (pohorie)  |2 SNKPHgeo  |9 56234 
700 1 |a Makovický, Dušan,  |d 1866-1921  |4 fmo  |9 40176 
710 2 |a Broomfield (Croydon, Anglicko)  |4 prt  |9 550805 
752 |a Anglicko  |d Croydon 
752 |a Anglicko  |d Londýn 
830 0 |a Izdanie Vladimira Čertkova  |9 550806 
852 |a snk  |b Historické fondy  |p IC 142466 
958 |a ONDV 
999 |c 844949  |d 846879 
952 |t Mak 29  |a SNK  |b SNK  |c SNK_HF  |y PREZ  |7 0  |p 17A1128309  |o snkIC 142466  |i snk2016/7381  |8 5  |0 0  |1 0  |4 0  |d 2016-03-15  |f 1  |l 0  |r 2026-02-24 04:23:45  |w 2026-02-24